आर.पी.यूनीफाइड वनस्पति विज्ञान / (Record no. 67405)
[ view plain ]
| 000 -LEADER | |
|---|---|
| fixed length control field | 00864 aa a2200217 4500 |
| 005 - DATE AND TIME OF LATEST TRANSACTION | |
| control field | 2012060102012.0 |
| 010 ## - LCCN (DPL NO) | |
| LC control number | |
| 020 ## - INTERNATIONAL STANDARD BOOK NUMBER | |
| Terms of availability | 170.00 |
| International Standard Book Number | |
| 035 ## - SYSTEM CONTROL NUMBER | |
| System control number | B-76625 |
| 037 ## - SOURCE OF ACQUISITION | |
| Source of stock number/acquisition | pub |
| 082 ## - DEWEY DECIMAL CLASSIFICATION NUMBER | |
| Classification number | 581 |
| 100 ## - MAIN ENTRY--PERSONAL NAME | |
| Personal name | क्षोत्रिय, निरंजन |
| 245 ## - TITLE STATEMENT | |
| Title | आर.पी.यूनीफाइड वनस्पति विज्ञान / |
| Statement of responsibility, etc | निरंजन क्षोत्रिय |
| 246 ## - VARYING FORM OF TITLE | |
| Title proper/short title | |
| Remainder of title | |
| 260 ## - PUBLICATION, DISTRIBUTION, ETC. (IMPRINT) | |
| Place of publication, distribution, etc | आगरा |
| Name of publisher, distributor, etc | रामप्रसाद एंड संस |
| Date of publication, distribution, etc | 2002-2003 |
| 270 ## - ADDRESS | |
| Address | |
| City | |
| Postal code | |
| 300 ## - PHYSICAL DESCRIPTION | |
| Extent | वि.पृ |
| Dimensions | 22 सेमी (अजिल्द) |
| 490 ## - SERIES STATEMENT | |
| Series statement | |
| -- | 48294 |
| 942 ## - ADDED ENTRY ELEMENTS (KOHA) | |
| Institution code [OBSOLETE] | dpl |
| Item type | Hindi Books |
| Call number prefix | |
| Source of classification or shelving scheme | Dewey Decimal Classification |
| Classification part | 581 |
| Call number suffix | क्षोत्रिय, |
| Withdrawn status | Lost status | Not for loan | Home library | Current library | Date acquired | Cost, normal purchase price | Full call number | Barcode | Cost, replacement price | Koha item type |
|---|---|---|---|---|---|---|---|---|---|---|
| Sarojini Nagar | Sarojini Nagar | 01/06/2012 | 170.00 | 581 क्षोत्रिय, | B-76625 | 170.00 | Hindi Books |
